000 00440cam a2200181ua 4500
020 _c1.50
041 _amal
_h
082 _a894.812 308
_bCHA/IN
100 _aChanthu, Menon .
245 _aIndulekha /
_cChanthu Menon.
_hTextual Documents
250 _a1 /
_b.
260 _a :
_bSahitya Pravarthaka Co-operative Society ,
_c1963.
300 _a290 ; .
365 _a1.50
504 _a
942 _cBK
999 _c3949
_d3949